La Cultura popular a Catalunya : estudiosos i institucions 1853/1981 / Llorenç Prats, Dolors Llopart, Joan Prat estudiosos i institucions 1853/1981 / Llorenç Prats, Dolors Llopart, Joan Prat

por Prats, Llorenç

Publicado: Barcelona : Fundació Serveis de Cultura Popular , 1982
Descripción Física: 161 p. : il., [1] f. ; 22 cm

MARC

LEADER 00000nam a2200000Ia 4500
001 565
008 160829s1982 xx 000 0 cat d
080 |a M-2-218 
100 |a Prats, Llorenç  |9 35224 
245 |a La Cultura popular a Catalunya :  |b  estudiosos i institucions 1853/1981 / Llorenç Prats, Dolors Llopart, Joan Prat 
260 |a Barcelona :  |b Fundació Serveis de Cultura Popular,  |c 1982 
300 |a 161 p. :  |b  il., [1] f. ;  |c 22 cm 
490 |a Col·lecció cultura popular ; 1 
650 |a Folklore  |x Catalunya  |x 1853/1981   |9 35225 
650 |a Cultura popular  |x Catalunya  |x 1853/1981  |9 35226 
700 |a Llopart, Dolors   |9 35227 
700 |a Prat i Carós, Joan  |9 35228 
901 |a Arxiu 
942 |n 1 
952 |0 0  |1 0  |4 0  |6 M2218  |7 1  |9 46820  |a Arxiu  |b Arxiu  |d 2016-12-01  |l 0  |o M-2-218  |p 565  |r 2016-12-01 00:00:00  |w 2016-12-01  |y ARXIU 
999 |c 50613  |d 50613